00250nam a2200097 a 450000500170000000800410001705000180005810000190007624500150009526000420011020140414131855.0100901s19uu xx 00 eng d aFILbL78 2007 aMolina, Russel aLola Puti. aManila, Philippines :bAdarna,c2007.